|
|
|
|
| LEADER |
00000nam0a2200000 4500 |
| 001 |
364933 |
| 005 |
20231102011733.0 |
| 035 |
|
|
|a (RuTPU)RU\TPU\retro\22296
|
| 090 |
|
|
|a 364933
|
| 100 |
|
|
|a 20211203d1981 km y0rusy50 ca
|
| 101 |
0 |
|
|a rus
|
| 102 |
|
|
|a RU
|
| 105 |
|
|
|a a z 001zy
|
| 200 |
1 |
|
|a Тектоника и история развития северо-западного шельфа Черного моря
|f Академия наук СССР ; отв. ред. В. Е. Хаин
|
| 210 |
|
|
|a Москва
|c Наука
|d 1981
|
| 215 |
|
|
|a 244 с.
|c ил.
|e Прилож. : 1 вкл. л. карт.
|
| 320 |
|
|
|a Библиогр.: с. 235-242
|
| 606 |
1 |
|
|a Шельфы
|x Тектоника
|2 stltpush
|3 (RuTPU)RU\TPU\subj\19147
|9 44449
|
| 610 |
1 |
|
|a Черное море
|
| 610 |
1 |
|
|a история развития
|
| 610 |
1 |
|
|a платформенный чехол
|
| 610 |
1 |
|
|a сейсмоакустические исследования
|
| 610 |
1 |
|
|a зоны сочленения
|
| 610 |
1 |
|
|a Восточно-Европейская платформа
|
| 610 |
1 |
|
|a Скифская платформа
|
| 610 |
1 |
|
|a тектонические схемы
|
| 675 |
|
|
|a 551.242.5.056
|v 4
|
| 702 |
|
1 |
|a Хаин
|b В. Е.
|4 340
|
| 712 |
0 |
2 |
|a Академия наук СССР
|c (Ленинград/Москва)
|c (1925-1991)
|2 stltpush
|3 (RuTPU)RU\TPU\col\722
|9 23473
|
| 801 |
|
1 |
|a RU
|b 63413507
|c 20211203
|
| 942 |
|
|
|c BK
|